[Event "Catalunya-chT Gp2"]
[Site "Barcelona"]
[Date "2020.02.29"]
[Round "7.10"]
[White "Cano Sevila, Ivan"]
[Black "Porta Tovar, Guillem"]
[Result "0-1"]
[WhiteElo "1983"]
[BlackElo "2098"]
[PlyCount "122"]
[EventDate "2020.01.18"]
[EventType "team-tourn"]
[EventRounds "7"]
[EventCountry "ESP"]
[SourceTitle "CBM 195 Extra"]
[Source "ChessBase"]
[SourceDate "2020.05.31"]
[SourceVersion "1"]
[SourceVersionDate "2020.05.31"]
[SourceQuality "1"]
[WhiteTeam "Barcelona Escacs CC"]
[BlackTeam "Colon Ateneu"]
[WhiteTeamCountry "ESP"]
[BlackTeamCountry "ESP"]

1. d4 d5 2. Bf4 Nf6 3. e3 Bg4 4. Be2 Bxe2 5. Qxe2 e6 6. Qb5+ Nbd7 7. Qxb7 Rb8 8. Qxa7 Rxb2 9. Nf3 Rxc2 10. 0-0 Qb8 11. Qxb8+ Nxb8 12. a4 Nh5 13. Be5 f6 14. g4 fxe5 15. gxh5 e4 16. Ng5 Rc6 17. Na3 Be7 18. Nh3 Kd7 19. Nb5 Rf8 20. Rfb1 Na6 21. Na7 Rc2 22. Rc1 Nb4 23. Rxc2 Nxc2 24. Rb1 Nb4 25. Nb5 Nd3 26. Nc3 Ra8 27. Ra1 c6 28. Ne2 Bd6 29. Kg2 h6 30. f3 exf3+ 31. Kxf3 e5 32. Ng3 c5 33. dxc5 Nxc5 34. a5 Nb3 35. Rg1 Ke6 36. Nf1 e4+ 37. Ke2 Be5 38. Rg6+ Bf6 39. Nf4+ Kd6 40. Ng3 Ke5 41. Rg4 Rxa5 42. Ng6+ Kd6 43. Nf4 Ra2+ 44. Kd1 Rd2+ 45. Ke1 Rxh2 46. Nf5+ Kc5 47. Ne6+ Kc4 48. Nd6+ Kb4 49. Nf4 Bh4+ 50. Rxh4 Rxh4 51. Nf5 Rh1+ 52. Kf2 Kc4 53. Nxg7 d4 54. exd4 Kxd4 55. Nf5+ Ke5 56. Ng3 Kxf4 57. Nxh1 e3+ 58. Kg2 Nd4 59. Kh3 e2 60. Nf2 Ke3 61. Ng4+ Kd2 0-1

[Event "ESP-ch 83rd"]
[Site "Linares"]
[Date "2018.08.27"]
[Round "8"]
[White "Rodriguez Redondo, Adhara"]
[Black "Porta Tovar, Guillem"]
[Result "0-1"]
[WhiteElo "1909"]
[BlackElo "2166"]
[PlyCount "122"]
[EventDate "2018.08.20"]
[EventType "swiss"]
[EventRounds "9"]
[EventCountry "ESP"]
[SourceTitle "CBM 186 Extra"]
[Source "ChessBase"]
[SourceDate "2018.08.24"]
[SourceVersion "1"]
[SourceVersionDate "2018.08.24"]
[SourceQuality "1"]

1. e4 c5 2. Nf3 d6 3. d4 cxd4 4. Nxd4 Nf6 5. Nc3 a6 6. Be2 e5 7. Nb3 Be7 8. 0-0 Be6 9. Be3 Nbd7 10. a4 Rc8 11. a5 0-0 12. Qd2 Rc6 13. f3 Qc7 14. Bd1 d5 15. exd5 Rd6 16. Qf2 Nxd5 17. Nxd5 Rxd5 18. f4 exf4 19. Bxf4 Qc4 20. Qe2 Rc8 21. Qxc4 Rxc4 22. c3 Rb5 23. Nd2 Bc5+ 24. Kh1 Rxf4 25. Rxf4 Be3 26. Re4 Bxd2 27. Ba4 Rxb2 28. Bxd7 Bxd7 29. Rd1 Bxc3 30. h3 Bxa5 31. Rxd7 h6 32. Re8+ Kh7 33. Rxf7 Bc3 34. Rc7 Bf6 35. Re6 Kg6 36. Rd7 Kf5 37. Re8 b6 38. Rd5+ Kg6 39. Re6 a5 40. Rd3 a4 41. Ra3 b5 42. Rb6 Kf5 43. Rb7 Ke4 44. Kg1 Kd5 45. Kf1 Kc4 46. Rf3 Rb3 47. Rf4+ Kc3 48. Rf3+ Kb4 49. Rf5 Ka5 50. Ke1 a3 51. Kd1 Rb1+ 52. Kc2 Rb2+ 53. Kc1 Bg5+ 54. Kd1 a2 55. Ra7+ Kb6 56. Rff7 Rb1+ 57. Kc2 a1Q 58. Rxa1 Rxa1 59. Rxg7 Ra2+ 60. Kb3 Rxg2 61. Rg6+ Kc5 0-1

[Event "Barbera del Valles op 41st"]
[Site "Barbera del Valles"]
[Date "2018.07.10"]
[Round "7"]
[White "Porta Tovar, Guillem"]
[Black "Chang, Suzana"]
[Result "1-0"]
[WhiteElo "2160"]
[BlackElo "2005"]
[PlyCount "91"]
[EventDate "2018.07.04"]
[EventType "swiss"]
[EventRounds "9"]
[EventCountry "ESP"]
[SourceTitle "CBM 185 Extra"]
[Source "ChessBase"]
[SourceDate "2018.07.29"]
[SourceVersion "1"]
[SourceVersionDate "2018.07.29"]
[SourceQuality "1"]

1. e4 e5 2. Nf3 Nc6 3. g3 Nf6 4. d3 d5 5. exd5 Nxd5 6. Bg2 Be7 7. 0-0 0-0 8. Re1 Bf6 9. a3 a5 10. h3 Re8 11. Nbd2 g6 12. Ne4 Bg7 13. Bg5 f6 14. c4 Nb6 15. Be3 h6 16. Qc2 Nd7 17. Rad1 f5 18. Nc3 Nf8 19. d4 exd4 20. Nb5 Ne6 21. Bxd4 Ncxd4 22. Nfxd4 Nxd4 23. Rxe8+ Qxe8 24. Nxd4 c6 25. Qb3 a4 26. Qb6 Ra6 27. Qb4 Qd8 28. c5 Kh7 29. Bf3 Qe7 30. Ne2 Be6 31. Rd6 Bf7 32. Qd2 Be8 33. Nf4 Ra8 34. h4 h5 35. Qb4 Bf7 36. Nh3 Kg8 37. Ng5 Be8 38. Bd1 Bf6 39. Bxa4 Bxg5 40. Bb3+ Kh7 41. hxg5 Rc8 42. Qc4 Qg7 43. Qe6 Rb8 44. Bc4 Ra8 45. Rd3 Rb8 46. Rb3 1-0

[Event "Barbera del Valles op 41st"]
[Site "Barbera del Valles"]
[Date "2018.07.07"]
[Round "4"]
[White "Diaz Camallonga, Carles"]
[Black "Porta Tovar, Guillem"]
[Result "1-0"]
[WhiteElo "2463"]
[BlackElo "2160"]
[PlyCount "75"]
[EventDate "2018.07.04"]
[EventType "swiss"]
[EventRounds "9"]
[EventCountry "ESP"]
[SourceTitle "CBM 185 Extra"]
[Source "ChessBase"]
[SourceDate "2018.07.29"]
[SourceVersion "1"]
[SourceVersionDate "2018.07.29"]
[SourceQuality "1"]

1. e4 c5 2. Nf3 d6 3. Bb5+ Bd7 4. Bxd7+ Qxd7 5. c4 e5 6. Nc3 g6 7. d3 Bg7 8. h4 h5 9. a3 Nc6 10. Rb1 f5 11. b4 Nf6 12. Bg5 Ng4 13. Nd2 f4 14. Nd5 0-0 15. f3 Nf6 16. Qa4 Kh8 17. Rb2 Nh7 18. Ne7 Qe8 19. Nxc6 Nxg5 20. hxg5 bxc6 21. Nb3 Rf7 22. Na5 Rc7 23. 0-0 Bf8 24. Rfb1 cxb4 25. axb4 Rac8 26. b5 d5 27. Nxc6 dxe4 28. dxe4 Bc5+ 29. Kf1 Rxc6 30. bxc6 Qd8 31. Rd1 Qxg5 32. Qb5 Be3 33. Qb7 Rf8 34. Rd7 Qf6 35. Qc7 Bb6 36. Qd6 Qxd6 37. Rxd6 Kg7 38. Rb5 1-0

[Event "Barbera del Valles op 40th"]
[Site "Barbera del Valles"]
[Date "2017.07.05"]
[Round "2"]
[White "Porta Tovar, Guillem"]
[Black "Soysal, Serkan"]
[Result "0-1"]
[WhiteElo "2202"]
[BlackElo "2367"]
[PlyCount "58"]
[EventDate "2017.07.04"]
[EventType "swiss"]
[EventRounds "9"]
[EventCountry "ESP"]
[SourceTitle "EXT 2018"]
[Source "ChessBase"]
[SourceDate "2017.10.13"]
[SourceVersion "1"]
[SourceVersionDate "2017.10.13"]
[SourceQuality "1"]

1. Nf3 d5 2. g3 g6 3. Bg2 Bg7 4. 0-0 e5 5. d3 Ne7 6. Nbd2 0-0 7. e4 Nbc6 8. exd5 Nxd5 9. Re1 Re8 10. Nc4 h6 11. h3 Nb6 12. Nxb6 axb6 13. Bd2 e4 14. Rxe4 Rxe4 15. dxe4 Bxb2 16. Bxh6 Bxa1 17. Qxa1 f6 18. e5 fxe5 19. Nxe5 Qd4 20. Qxd4 Nxd4 21. Be4 Bf5 22. Bxb7 Ra5 23. Ng4 Kh7 24. Bf4 Ne2+ 25. Kg2 Nxf4+ 26. gxf4 Bxc2 27. Nf6+ Kg7 28. Ne8+ Kh6 29. Bc6 Rc5 0-1

[Event "Foment Martinenc op-A 18th"]
[Site "Barcelona"]
[Date "2016.06.04"]
[Round "7"]
[White "Vidarte Morales, Arturo"]
[Black "Porta Tovar, Guillem"]
[Result "1-0"]
[WhiteElo "2313"]
[BlackElo "2147"]
[PlyCount "71"]
[EventDate "2016.04.23"]
[EventType "swiss"]
[EventRounds "9"]
[EventCountry "ESP"]
[SourceTitle "EXT 2017"]
[Source "ChessBase"]
[SourceDate "2016.10.25"]
[SourceVersion "1"]
[SourceVersionDate "2016.10.25"]
[SourceQuality "1"]

1. d4 Nf6 2. c4 g6 3. Nc3 Bg7 4. e4 0-0 5. f3 d6 6. Nge2 e5 7. d5 Nh5 8. Be3 f5 9. Qd2 Nd7 10. 0-0-0 a6 11. Kb1 Nhf6 12. h3 b5 13. exf5 gxf5 14. cxb5 Nb6 15. Bxb6 cxb6 16. g4 axb5 17. Nxb5 e4 18. Ng3 e3 19. Qc2 f4 20. Nf5 Bxf5 21. Qxf5 Ne8 22. Qe6+ Kh8 23. Rc1 Be5 24. Qh6 Bg7 25. Qh5 Qf6 26. Rh2 Qe5 27. Qxe5 Bxe5 28. g5 Ng7 29. Bd3 Nf5 30. Bxf5 Rxf5 31. h4 Ra5 32. Rc8+ Kg7 33. Nc7 h6 34. Ne6+ Kh7 35. Rc7+ Kg6 36. h5# 1-0

[Event "Foment Martinenc op-A 18th"]
[Site "Barcelona"]
[Date "2016.05.21"]
[Round "5"]
[White "Vehi Bach, Victor Manuel"]
[Black "Porta Tovar, Guillem"]
[Result "1/2-1/2"]
[WhiteElo "2316"]
[BlackElo "2147"]
[PlyCount "78"]
[EventDate "2016.04.23"]
[EventType "swiss"]
[EventRounds "9"]
[EventCountry "ESP"]
[SourceTitle "EXT 2017"]
[Source "ChessBase"]
[SourceDate "2016.10.25"]
[SourceVersion "1"]
[SourceVersionDate "2016.10.25"]
[SourceQuality "1"]

1. e4 c5 2. Nf3 d6 3. d4 Nf6 4. Nc3 cxd4 5. Nxd4 a6 6. Be3 e5 7. Nb3 Be6 8. h3 Qc7 9. f4 Nbd7 10. f5 Bc4 11. Bxc4 Qxc4 12. Qf3 d5 13. Nxd5 Rc8 14. Nd2 Qxc2 15. 0-0 Bc5 16. Rac1 Bxe3+ 17. Qxe3 Qxc1 18. Rxc1 Rxc1+ 19. Kh2 0-0 20. Qb3 b5 21. a4 Nc5 22. Nxf6+ gxf6 23. Qg3+ Kh8 24. axb5 axb5 25. b4 Rd8 26. bxc5 Rxd2 27. Qh4 Kg7 28. Qg3+ Kf8 29. Qa3 Rdc2 30. Qa6 Kg7 31. Qxb5 Rxc5 32. Qe2 R5c4 33. Qg4+ Kf8 34. Qh4 Ke7 35. Qxh7 Rxe4 36. Qh8 Rc2 37. Qa8 Ree2 38. Qa3+ Kd7 39. Qa7+ Ke8 1/2-1/2

[Event "Barcelona Guinardo op 5th"]
[Site "Barcelona"]
[Date "2016.01.04"]
[Round "8"]
[White "Marzo Pie, Xavier"]
[Black "Porta Tovar, Guillem"]
[Result "0-1"]
[WhiteElo "1823"]
[BlackElo "2189"]
[PlyCount "56"]
[EventDate "2015.12.27"]
[EventType "swiss"]
[EventRounds "9"]
[EventCountry "ESP"]
[SourceTitle "CBM 170 Extra"]
[Source "ChessBase"]
[SourceDate "2016.02.25"]
[SourceVersion "1"]
[SourceVersionDate "2016.02.25"]
[SourceQuality "1"]

1. d4 Nf6 2. c4 g6 3. Nc3 Bg7 4. e4 d6 5. Be2 0-0 6. Bg5 c6 7. Qd2 Qa5 8. h3 Nbd7 9. Nf3 Re8 10. 0-0 e5 11. d5 Nc5 12. Qc2 Nh5 13. a3 Qc7 14. b4 Nd7 15. g3 h6 16. Be3 Nf8 17. Kg2 f5 18. Nh4 f4 19. Bxh5 gxh5 20. gxf4 exf4 21. Bxf4 Qf7 22. Nf5 Rxe4 23. Nxe4 Bxf5 24. Rae1 Bxh3+ 25. Kxh3 Qxf4 26. Ng3 Qg4+ 27. Kg2 Ng6 28. Qf5 Nh4+ 0-1

[Event "ESP-ch U16"]
[Site "Salobrena"]
[Date "2015.07.22"]
[Round "5"]
[White "Porta Tovar, Guillem"]
[Black "Povill Claros, Xavier"]
[Result "1/2-1/2"]
[WhiteElo "1945"]
[BlackElo "2107"]
[PlyCount "150"]
[EventDate "2015.07.20"]
[EventType "swiss"]
[EventRounds "9"]
[EventCountry "ESP"]
[SourceTitle "EXT 2016"]
[Source "ChessBase"]
[SourceDate "2015.10.08"]
[SourceVersion "1"]
[SourceVersionDate "2015.10.08"]
[SourceQuality "1"]

1. e4 c5 2. Nf3 e6 3. d3 Nc6 4. g3 Nge7 5. Bg2 g6 6. 0-0 Bg7 7. Qe2 e5 8. c3 0-0 9. a3 d6 10. b4 a6 11. Be3 b6 12. Rd1 Be6 13. Nbd2 h6 14. Nh4 Kh7 15. Rac1 Rc8 16. f4 f5 17. Ndf3 Qd7 18. Bh1 exf4 19. gxf4 Rfe8 20. Qg2 Bf7 21. Qh3 Be6 22. Qg3 Bf7 23. Bg2 Be6 24. Kh1 Bh8 25. Rg1 Rg8 26. Bf1 Na7 27. Qh3 Bf6 28. Nxf5 Nxf5 29. Ng5+ Bxg5 30. fxg5 h5 31. exf5 Bxf5 32. Qg3 Nc6 33. Bf4 Rcd8 34. Rd1 Rge8 35. Bg2 Re6 36. Bd5 Re2 37. Qf3 Ne7 38. Qxe2 Nxd5 39. Bd2 Bg4 40. Rxg4 Qxg4 41. Qxg4 hxg4 42. c4 Ne7 43. Rg1 Rf8 44. Rxg4 Rf1+ 45. Rg1 Rf3 46. Rg3 Rxg3 47. hxg3 Kg7 48. Bf4 Nc8 49. Kg2 Kf7 50. Kf3 Ke6 51. Ke4 a5 52. bxa5 bxa5 53. Bd2 a4 54. Ba5 Ne7 55. d4 Nc8 56. g4 Ne7 57. Bb6 cxd4 58. Bxd4 Nc6 59. Bc3 Nd8 60. Kd3 Nc6 61. Bb2 Kd7 62. Bd4 Ke6 63. Ke4 Na5 64. c5 d5+ 65. Kd3 Nc4 66. Kc3 Nxa3 67. Bf6 Nc4 68. Kb4 a3 69. Kb5 a2 70. c6 Kd6 71. Bc3 Na3+ 72. Kb6 Nc4+ 73. Kb5 Na3+ 74. Kb6 Nc4+ 75. Kb5 Na3+ 1/2-1/2

[Event "Barbera del Valles op 38th"]
[Site "Barbera del Valles"]
[Date "2015.07.10"]
[Round "7"]
[White "Harshal, Shahi"]
[Black "Porta Tovar, Guillem"]
[Result "1-0"]
[WhiteElo "2228"]
[BlackElo "1945"]
[PlyCount "59"]
[EventDate "2015.07.04"]
[EventType "swiss"]
[EventRounds "9"]
[EventCountry "ESP"]
[SourceTitle "CBM 167 Extra"]
[Source "ChessBase"]
[SourceDate "2015.09.14"]
[SourceVersion "1"]
[SourceVersionDate "2015.09.14"]
[SourceQuality "1"]

1. e4 c5 2. Nf3 d6 3. d4 cxd4 4. Nxd4 Nf6 5. Nc3 a6 6. Be3 e5 7. Nf3 Be7 8. Bc4 0-0 9. 0-0 Nc6 10. Re1 b5 11. Bb3 Rb8 12. Bg5 Be6 13. Bxf6 Bxf6 14. Nd5 Bxd5 15. Qxd5 Ne7 16. Qd2 Qc7 17. Red1 Rb6 18. a4 Rd8 19. axb5 axb5 20. Ng5 Rf8 21. Nxf7 Rxf7 22. Ra8+ Rb8 23. Rxb8+ Qxb8 24. Qxd6 Qxd6 25. Rxd6 Ng6 26. Rb6 Be7 27. Rxb5 h5 28. Rb8+ Nf8 29. Rb7 Ng6 30. h4 1-0

[Event "Barbera del Valles op 38th"]
[Site "Barbera del Valles"]
[Date "2015.07.07"]
[Round "4"]
[White "Mateus, Martha"]
[Black "Porta Tovar, Guillem"]
[Result "1-0"]
[WhiteElo "2172"]
[BlackElo "1945"]
[PlyCount "47"]
[EventDate "2015.07.04"]
[EventType "swiss"]
[EventRounds "9"]
[EventCountry "ESP"]
[SourceTitle "CBM 167 Extra"]
[Source "ChessBase"]
[SourceDate "2015.09.14"]
[SourceVersion "1"]
[SourceVersionDate "2015.09.14"]
[SourceQuality "1"]

1. e4 e5 2. Nc3 Nf6 3. f4 d5 4. fxe5 Nxe4 5. Qf3 Nxc3 6. dxc3 Nc6 7. Bf4 Be6 8. 0-0-0 Qd7 9. h3 0-0-0 10. Bb5 a6 11. Ba4 b5 12. Bb3 Na5 13. Bg5 Nxb3+ 14. axb3 f6 15. exf6 gxf6 16. Qxf6 Bd6 17. Re1 Bf5 18. Nf3 Rdf8 19. Qd4 Rhg8 20. Bh6 Rxg2 21. Bxf8 Rxc2+ 22. Kd1 Bxf8 23. Qa7 Qc6 24. Re8+ 1-0